Dewey: su pensamiento pedagógico
Saved in:
| Main Author: | |
|---|---|
| Format: | Book |
| Language: | Spanish |
| Published: |
Buenos Aires
Centro Editor de América Latina
1968
|
| Series: | Enciclopedia del Pensamiento Esencial, 22
|
| Subjects: | |
| Tags: |
Add Tag
No Tags, Be the first to tag this record!
|
MARC
| LEADER | 00000cam a2200000 a 4500 | ||
|---|---|---|---|
| 001 | UCG9234 | ||
| 003 | CL-VaPUC | ||
| 008 | 120302e19680000AG |||||||||||||||||spa|d | ||
| 082 | 0 | 4 | |a 370.1 |b NAS |2 21 |
| 100 | |a Nassif, Ricardo |e autor |9 310372 | ||
| 245 | 1 | 0 | |a Dewey: su pensamiento pedagógico |
| 300 | |a 115 p | ||
| 942 | |c BK | ||
| 945 | |d 20120302 00:00:00 |a dcastane | ||
| 260 | |a Buenos Aires |b Centro Editor de América Latina |c 1968 | ||
| 650 | 0 | |a Pedagogía |9 255351 | |
| 650 | 0 | |a Filosofía de la educación |9 258384 | |
| 650 | 0 | |a Crítica e interpretación |9 255042 | |
| 583 | |a last modification |c 20120302 10:37:00 |k Rodrigo Vera | ||
| 490 | 0 | |a Enciclopedia del Pensamiento Esencial, 22 | |
| 999 | |c 346798 |d 346796 | ||
| 952 | |0 0 |1 0 |4 0 |6 370_100000000000000_NAS_1968 |7 0 |8 P |9 447622 |a BIBEDU |b BIBEDU |c BIBEDU_PB |d 2019-11-22 |i 4837606 |o 370.1 NAS 1968 |p 4837606 |r 2024-01-25 |w 2019-11-22 |y BK |k EBA | ||